[Event "Belgrade-chTB Quality"]
[Site "Belgrade"]
[Date "2018.09.29"]
[Round "1.6"]
[White "Popovic, Ivan M"]
[Black "Tasovac, Milos"]
[Result "1-0"]
[WhiteElo "2001"]
[BlackElo "2054"]
[PlyCount "87"]
[EventDate "2018.09.29"]
[EventType "team-tourn"]
[EventRounds "11"]
[EventCountry "SRB"]
[SourceTitle "CBM 187 Extra"]
[Source "ChessBase"]
[SourceDate "2018.11.04"]
[SourceVersion "1"]
[SourceVersionDate "2018.11.04"]
[SourceQuality "1"]
[WhiteTeam "Belgrade Rakovica"]
[BlackTeam "Belgrade Politika"]
[WhiteTeamCountry "SRB"]
[BlackTeamCountry "SRB"]

1. e4 c5 2. Nf3 g6 3. d4 e6 4. Nc3 b6 5. d5 d6 6. Bb5+ Bd7 7. dxe6 fxe6 8. Bf4 e5 9. Bg5 Qc8 10. Qd5 Nc6 11. 0-0-0 a6 12. Bc4 Nd8 13. Bxd8 Kxd8 14. Qf7 Kc7 15. Nxe5 Qe8 16. Nd5+ Kd8 17. Qxd7+ Qxd7 18. Nxd7 Bh6+ 19. Kb1 b5 20. Be2 Ra7 21. N7f6 Bg7 22. Nxg8 Rxg8 23. f4 Re8 24. Bf3 b4 25. e5 dxe5 26. Nf6+ Ke7 27. Nxe8 Kxe8 28. fxe5 a5 29. Bc6+ Ke7 30. Rd5 c4 31. Rhd1 Ke6 32. Bd7+ Ke7 33. Bh3 Ra8 34. Rd7+ Kf8 35. Rd8+ Rxd8 36. Rxd8+ Ke7 37. Rd7+ Ke8 38. e6 a4 39. Rf7 Kd8 40. g3 a3 41. bxa3 bxa3 42. Bg2 h5 43. Bd5 c3 44. e7+ 1-0

[Event "Novi Becej op 25th"]
[Site "Novi Becej"]
[Date "2007.06.10"]
[Round "2"]
[White "Tasovac, Milos"]
[Black "Andrijevic, Milan"]
[Result "0-1"]
[WhiteElo "2077"]
[BlackElo "2334"]
[PlyCount "134"]
[EventDate "2007.06.09"]
[EventType "swiss"]
[EventRounds "9"]
[EventCountry "YUG"]
[SourceTitle "CBM 118 Extra"]
[Source "ChessBase"]
[SourceDate "2007.07.04"]
[SourceVersion "1"]
[SourceVersionDate "2007.07.04"]
[SourceQuality "1"]

1. e4 c5 2. Nf3 e6 3. c3 d5 4. exd5 Qxd5 5. Bb5+ Nc6 6. 0-0 a6 7. c4 Qd6 8. Ba4 Bd7 9. d3 Nf6 10. Nc3 Be7 11. Ne4 Qc7 12. Be3 Nxe4 13. dxe4 0-0 14. Rc1 Rfd8 15. Qe2 b6 16. Bc2 e5 17. h3 Nd4 18. Bxd4 cxd4 19. Bd3 Bd6 20. Nh2 Be6 21. b3 Qe7 22. Nf3 Rf8 23. Nd2 a5 24. Rc2 a4 25. Rb1 axb3 26. axb3 Bb4 27. f4 exf4 28. e5 Bxd2 29. Rxd2 g6 30. Qe4 Qg5 31. Rf2 Bf5 32. Qf3 Bxd3 33. Qxd3 Qxe5 34. Re2 Qd6 35. Re4 Rfd8 36. Rd1 f3 37. Qxf3 d3 38. Rf4 Rd7 39. Qf2 Qb4 40. Rd4 Rad8 41. R1xd3 Rxd4 42. Rxd4 Rxd4 43. Qxd4 Qxb3 44. Qd8+ Kg7 45. Qd4+ f6 46. Qd7+ Kh6 47. Qd2+ g5 48. Qd4 Kg7 49. Qd7+ Kh6 50. Qd4 Qb1+ 51. Kh2 Kg6 52. Qd5 Qb4 53. Qg8+ Kh6 54. Qe6 Qb2 55. Qf7 Qe5+ 56. Kh1 f5 57. Kg1 f4 58. Kf1 Qg7 59. Qd5 Qf6 60. Kf2 Kg7 61. Qd7+ Kh6 62. Qd5 Qb2+ 63. Kg1 Qc1+ 64. Kh2 Qe3 65. Qf7 Qe5 66. Kg1 Qg7 67. Qe8 Qf6 0-1